| 000 | 00588nam a2200217Ia 4500 | ||
|---|---|---|---|
| 003 | OSt | ||
| 005 | 20220926045052.0 | ||
| 006 | a|||||r|||| 00| 0 | ||
| 007 | ta | ||
| 008 | 220923b |||||||| |||| 00| 0 eng d | ||
| 037 | _cGeneral Book | ||
| 040 |
_aRTL _cRTL _beng |
||
| 041 |
_2eng _aeng |
||
| 082 | _aU8:49:M8, B9.1-.2 | ||
| 100 | _aBonvalot Gabriel | ||
| 245 | 0 |
_aThrough the heart of Asia _b Over the Pamir to Indi |
|
| 260 | _c1889 | ||
| 650 |
_aTravels _9238248 |
||
| 942 |
_hU8:49:M8, B9.1-.2 _cGB _2CC |
||
| 999 |
_c676593 _d676593 |
||